000 00269nam a2200097Ia 4500
001 1179620
005 20250827012806.0
008 250824s9999 xx 000 0 und d
245 0 _aALEV SAÇLI ÇOCUK
_cCHRISTINE NÖSTLINGER
260 _bGÜNIŞIĞI KİTAPLIĞI YAYINLARI
999 _c1179620
_d1179620